La pintura contemporánea norteamericana (Record no. 4940)

MARC details
000 -CABECERA
campo de control de longitud fija 01068nam a2200265 a 4500
001 - NÚMERO DE CONTROL
campo de control BRCA_5246
005 - FECHA Y HORA DE LA ÚLTIMA TRANSACCIÓN
campo de control 20190320205012.0
008 - DATOS DE LONGITUD FIJA--INFORMACIÓN GENERAL
campo de control de longitud fija 301110s1941----nyua######---#000-0#eng-#
041 ## - CÓDIGO DE LENGUA
Código de lengua del texto/banda sonora o título independiente eng
044 ## - CÓDIGO DEL PAÍS DE LA ENTIDAD EDITORA/PRODUCTORA
Código MARC del país nyu
050 #4 - SIGNATURA TOPOGRÁFICA DE LA BIBLIOTECA DEL CONGRESO
Número de clasificación ND212
Número de documento/Ítem .P56 1941
245 10 - MENCIÓN DE TÍTULO
Título La pintura contemporánea norteamericana
Mención de responsabilidad, etc. editores The American Museum of Natural History ... [et al.].
260 ## - PUBLICACIÓN, DISTRIBUCIÓN, ETC.
Lugar de publicación, distribución, etc. Nueva York
Nombre del editor, distribuidor, etc. Museum of Modern Art
Fecha de publicación, distribución, etc. 1941
300 ## - DESCRIPCIÓN FÍSICA
Extensión 166 p.
Otras características físicas il. (algunas a color)
Dimensiones 25 cm.
500 ## - NOTA GENERAL
Nota general Este libro ha sido publicado en relación con las exposiciones de pintura contemporánea norteamericana que tuvieron lugar en diferentes ciudades de la América Latina (Mayo-Diciembre, 1941)
500 ## - NOTA GENERAL
Nota general Incluye biografías e índice de artistas
500 ## - NOTA GENERAL
Nota general Libro dedicado por el autor a Franz Mayer
500 ## - NOTA GENERAL
Nota general E66
504 ## - NOTA DE BIBLIOGRAFÍA, ETC.
Nota de bibliografía, etc. Bibliografía: p. 163-164
650 14 - PUNTO DE ACCESO ADICIONAL DE MATERIA--TÉRMINO DE MATERIA
Término de materia o nombre geográfico como elemento de entrada Pinturas estadounidenses
Subdivisión de forma Exposiciones
9 (RLIN) 13442
650 14 - PUNTO DE ACCESO ADICIONAL DE MATERIA--TÉRMINO DE MATERIA
Término de materia o nombre geográfico como elemento de entrada Pintores estadounidenses
9 (RLIN) 13443
710 2# - PUNTO DE ACCESO ADICIONAL--NOMBRE DE ENTIDAD CORPORATIVA
Nombre de entidad corporativa o nombre de jurisdicción como elemento de entrada American Museum of Natural History (Nueva York)
9 (RLIN) 13444
902 ## - CATALOGADOR
Iniciales GFM
942 ## - ELEMENTOS DE PUNTO DE ACCESO ADICIONAL (KOHA)
Fuente del sistema de clasificación o colocación Library of Congress Classification
Tipo de ítem Koha Libros
Holdings
Estado de retiro Estado de pérdida Estado dañado No para préstamo Localización permanente Ubicación/localización actual Fecha de adquisición Número de inventario Total de préstamos Signatura topográfica completa Código de barras Fecha visto por última vez Precio válido a partir de Tipo de ítem Koha
El ejemplar forma parte de la colección y puede ser consultado según las políticas vigentes.       Biblioteca del Museo Franz Mayer (Rogerio Casas-Alatriste) Biblioteca del Museo Franz Mayer (Rogerio Casas-Alatriste) 30/11/2010 E66   ND212 .P56 1941 (E66) 5681 22/03/2019 22/03/2019 Libros